[Event "Karlovy Vary op"]
[Site "Karlovy Vary"]
[Date "2009.05.03"]
[Round "7"]
[White "Van Malde, Herman"]
[Black "Metzen, Hans Peter"]
[Result "1-0"]
[WhiteElo "1713"]
[BlackElo "1952"]
[PlyCount "41"]
[EventDate "2009.04.29"]
[EventType "swiss"]
[EventRounds "7"]
[EventCountry "CZE"]
[SourceTitle "CBM 130 Extra"]
[Source "ChessBase"]
[SourceDate "2009.07.02"]
[SourceVersion "2"]
[SourceVersionDate "2009.07.15"]
[SourceQuality "1"]

1. d4 d5 2. Nc3 Nf6 3. Bg5 e6 4. Bxf6 Qxf6 5. e4 dxe4 6. Nxe4 Qd8 7. Nf3 Be7 8. Bd3 Nd7 9. Qe2 0-0 10. h4 Nf6 11. Nxf6+ Bxf6 12. 0-0-0 c6 13. Kb1 a5 14. Bxh7+ Kxh7 15. Ng5+ Kh6 16. Qe4 g6 17. h5 Bxg5 18. hxg6+ Kg7 19. Rh7+ Kf6 20. Qe5+ Kxg6 21. Rg7+ 1-0

[Event "Karlovy Vary op"]
[Site "Karlovy Vary"]
[Date "2009.05.02"]
[Round "6"]
[White "Leiner, Raimund"]
[Black "Van Malde, Herman"]
[Result "1/2-1/2"]
[WhiteElo "2036"]
[BlackElo "1713"]
[PlyCount "80"]
[EventDate "2009.04.29"]
[EventType "swiss"]
[EventRounds "7"]
[EventCountry "CZE"]
[SourceTitle "CBM 130 Extra"]
[Source "ChessBase"]
[SourceDate "2009.07.02"]
[SourceVersion "2"]
[SourceVersionDate "2009.07.15"]
[SourceQuality "1"]

1. d4 Nf6 2. Nf3 e6 3. g3 d5 4. Bg2 c5 5. c3 b6 6. 0-0 Bb7 7. Bg5 Be7 8. Qb3 Nbd7 9. Nbd2 0-0 10. Rfe1 h6 11. Bf4 Nh5 12. Be3 Nhf6 13. h3 Bd6 14. Rad1 Qc7 15. Nf1 c4 16. Qc2 Ne4 17. N3d2 f5 18. Nxe4 fxe4 19. Kh2 Rf6 20. f4 exf3 21. exf3 Nf8 22. h4 Ng6 23. Kh3 Raf8 24. h5 Ne7 25. Bf2 Bc8 26. g4 e5 27. dxe5 Bxe5 28. Bg3 Rxf3 29. Bxf3 Rxf3 30. Kg2 Bxg3 31. Rxe7 Qxe7 32. Kxf3 Qh4 33. Ne3 Be5 34. Qg2 d4 35. cxd4 Bb7+ 36. d5 Qf6+ 37. Ke2 Bxb2 38. Qe4 c3 39. Qe8+ Qf8 40. Qxf8+ Kxf8 1/2-1/2

[Event "Karlovy Vary op"]
[Site "Karlovy Vary"]
[Date "2009.04.30"]
[Round "2"]
[White "Dusbaba, Karel"]
[Black "Van Malde, Herman"]
[Result "0-1"]
[WhiteElo "2041"]
[BlackElo "1713"]
[PlyCount "52"]
[EventDate "2009.04.29"]
[EventType "swiss"]
[EventRounds "7"]
[EventCountry "CZE"]
[SourceTitle "CBM 130 Extra"]
[Source "ChessBase"]
[SourceDate "2009.07.02"]
[SourceVersion "2"]
[SourceVersionDate "2009.07.15"]
[SourceQuality "1"]

1. c4 Nf6 2. Nc3 e6 3. e4 d5 4. e5 Nfd7 5. d4 dxc4 6. Bxc4 c5 7. f4 cxd4 8. Qxd4 Nc6 9. Qf2 a6 10. Be3 b5 11. Bb3 Na5 12. Bc2 Bb7 13. Nge2 Nc4 14. Bd4 Qc7 15. b3 Na3 16. Bd1 Nc5 17. 0-0 Rd8 18. Kh1 g6 19. Nb1 Ne4 20. Qe3 Qc6 21. Rf3 Nc2 22. Bxc2 Qxc2 23. Rf1 Rxd4 24. Nxd4 Qb2 25. Nf3 Bc5 26. Qd3 Qxa1 0-1